000 01059cam a2200289 a 4500
999 _c129203
_d129203
001 12938197
003 ARRUPE
005 20190314093018.0
008 020920s2002 mou 000 0 eng
010 _a 2002113419
020 _a1880810484
035 _a(DLC) 2002113419
040 _aDLC
_cDLC
050 0 0 _aBX3703.S959
110 2 _aJesuits.
_98693
245 1 0 _aSupplement to the divine office for the Society of Jesus /
_c[edited by Martin D. O'Keefe].
250 _aRev. and expanded ed.
260 _aSaint Louis, MO :
_bInstitute of Jesuit Sources,
_cc2002.
300 _axi, 171 p. ;
_c18 cm.
440 0 _aSeries V-- prayer ;
_vno. 5
_945219
610 2 0 _aJesuits
_xBreviary
_945220
700 1 _aO'Keefe, Martin D.
_945221
710 2 _aCatholic Church.
_tLiturgia horarum.
_945222
906 _a7
_bcbc
_corignew
_d2
_eepcn
_f20
_gy-gencatlg
942 _2lcc
_cMONOGRAPH